| 000 | 007780000a22002170004500 | ||
|---|---|---|---|
| 090 |
_aAR _b00126 |
||
| 245 | 1 | 0 | _aEspecies nuevas de Piperaceae de los Andes al sur de Colombia |
| 650 | 1 | 4 |
_aVegetación _992799 |
| 650 | 1 | 4 |
_aDistribución geográfica de vegetación _992971 |
| 650 | 1 | 4 |
_aEcología vegetal _9353 |
| 650 | 1 | 4 |
_aDiversidad florística _992973 |
| 651 | 4 |
_lNudo de los pastos _pColombia _992749 |
|
| 653 |
_fPiperaceae _gPeperomia _ePeperomia alwynii |
||
| 653 |
_fPiperaceae _gPiper _ePiper curvinervium |
||
| 653 |
_fPiperaceae _ePiper _gPiper dolichostylum |
||
| 041 | 0 | _aEspañol | |
| 700 | 1 |
_aBetancur, Julio _94620 |
|
| 100 | 1 |
_aCallejas Posada, Ricardo _912454 |
|
| 942 | _cARTICULO | ||
| 773 | 1 |
_tNovon: a Journal for Botanical Nomenclature _356 _h1 _q17-24 _d1997 _g7 |
|
| 999 |
_c9227 _d9227 |
||